|
|
|
|
| LEADER |
01811nam a2200505 i 4500 |
| 001 |
nkc20172897850 |
| 003 |
CZ PrNK |
| 005 |
20170711094502.0 |
| 007 |
ta |
| 008 |
170517s2017 xr a b 000 0 cze |
| 015 |
|
|
|a cnb002897850
|
| 020 |
|
|
|a 978-80-7529-372-5
|q (vázáno)
|
| 035 |
|
|
|a (OCoLC)993653488
|
| 040 |
|
|
|a BOA001
|b cze
|e rda
|
| 072 |
|
7 |
|a 373.2/.3
|x Předškolní a primární výchova a vzdělávání
|2 Konspekt
|9 22
|
| 072 |
|
7 |
|a 0/9-053.2
|x Literatura pro děti a mládež (naučná)
|2 Konspekt
|9 26
|
| 080 |
|
|
|a 316.346.32-053.5
|2 MRF
|
| 080 |
|
|
|a 159.952
|2 MRF
|
| 080 |
|
|
|a 51-3
|2 MRF
|
| 080 |
|
|
|a (076.1)
|2 MRF
|
| 080 |
|
|
|a (0.053.2)
|2 MRF
|
| 100 |
1 |
|
|a Baruzzi, Agnese,
|d 1980-
|7 pna2014835911
|4 ill
|
| 245 |
1 |
0 |
|a Tajemná příroda :
|b najdi a spočítej /
|c ilustrace Agnese Baruzziová
|
| 264 |
|
1 |
|a [Praha] :
|b Slovart, s.r.o.,
|c 2017
|
| 300 |
|
|
|a 48 nečíslovaných stran :
|b barevné ilustrace ;
|c 38 cm
|
| 336 |
|
|
|a text
|b txt
|2 rdacontent
|
| 336 |
|
|
|a statický obraz
|b sti
|2 rdacontent
|
| 337 |
|
|
|a bez média
|b n
|2 rdamedia
|
| 338 |
|
|
|a svazek
|b nc
|2 rdacarrier
|
| 500 |
|
|
|a Podle italského vydání?
|
| 650 |
0 |
7 |
|a děti školního věku
|7 ph119714
|2 czenas
|
| 650 |
0 |
7 |
|a rozvoj pozornosti
|7 ph145201
|2 czenas
|
| 650 |
0 |
7 |
|a počítání
|7 ph124522
|2 czenas
|
| 650 |
0 |
9 |
|a school children
|2 eczenas
|
| 650 |
0 |
9 |
|a development of attention
|2 eczenas
|
| 650 |
0 |
9 |
|a counting
|2 eczenas
|
| 655 |
|
7 |
|a pracovní sešity
|7 fd133116
|2 czenas
|
| 655 |
|
7 |
|a publikace pro děti
|7 fd133156
|2 czenas
|
| 655 |
|
9 |
|a activity books
|2 eczenas
|
| 655 |
|
9 |
|a children's literature
|2 eczenas
|
| 910 |
2 |
|
|a BOA001
|b 5-1389.147
|
| 990 |
|
|
|a BK
|
| 995 |
|
|
|a 01
|
| 991 |
|
|
|b 201705
|c NOV
|
| 996 |
6 |
|
|b 2610707582
|c 5-1389.147
|l MZK
|r Sklad / do 24 hodin
|n 1
|p p.v.
|w 001612732
|u 000010
|a 1
|e BOA001
|j MZK50
|s P
|